[Event "Novi Sad Winter op"]
[Site "Novi Sad"]
[Date "2014.01.14"]
[Round "7"]
[White "Marjanovic, Zoran L"]
[Black "Vucurovic, Nebojsa"]
[Result "1-0"]
[WhiteElo "1797"]
[BlackElo "2016"]
[PlyCount "78"]
[EventDate "2014.01.10"]
[EventType "swiss"]
[EventRounds "9"]
[EventCountry "SRB"]
[SourceTitle "CBM 158 Extra"]
[Source "ChessBase"]
[SourceDate "2014.02.28"]
[SourceVersion "1"]
[SourceVersionDate "2014.02.28"]
[SourceQuality "1"]

1. e4 e5 2. Nf3 Nc6 3. Bb5 a6 4. Ba4 Nf6 5. 0-0 Be7 6. Re1 b5 7. Bb3 0-0 8. c3 d5 9. exd5 Nxd5 10. Nxe5 Nxe5 11. Rxe5 Nf6 12. f3 Bd6 13. Re1 Ng4 14. g3 Nf6 15. d4 Bb7 16. Qd3 c5 17. Bd1 Qc7 18. Kg2 cxd4 19. Bg5 Ng4 20. Qxd4 Nxh2 21. Qh4 Nxf3 22. Bxf3 Rfe8 23. Nd2 Qb6 24. Ne4 Be5 25. Be3 Qg6 26. Bf4 f5 27. Nd2 Bf6 28. Qh1 Bxf3+ 29. Nxf3 Qg4 30. Qh3 Qg6 31. Ne5 Bxe5 32. Bxe5 Qc6+ 33. Kh2 Qf3 34. Qg2 Qg4 35. Qd5+ Kh8 36. Kg2 Rad8 37. Qc6 Rxe5 38. Rxe5 Rd2+ 39. Kf1 g6 1-0

[Event "Senta op-A 10th"]
[Site "Senta"]
[Date "2006.07.21"]
[Round "1"]
[White "Sirotanovic, Obrad"]
[Black "Vucurovic, Nebojsa"]
[Result "1-0"]
[WhiteElo "2285"]
[BlackElo "2020"]
[PlyCount "91"]
[EventDate "2006.07.21"]
[EventType "swiss"]
[EventRounds "9"]
[EventCountry "YUG"]
[SourceTitle "CBM 113 Extra"]
[Source "ChessBase"]
[SourceDate "2006.09.14"]
[SourceVersion "1"]
[SourceVersionDate "2006.09.14"]
[SourceQuality "1"]

1. c4 e5 2. Nc3 Nf6 3. g3 d5 4. cxd5 Nxd5 5. Bg2 Be6 6. Qa4+ c6 7. Nf3 Nd7 8. d4 N7b6 9. Qd1 Nxc3 10. bxc3 exd4 11. cxd4 Bb4+ 12. Bd2 Bxd2+ 13. Qxd2 Nc4 14. Qc3 0-0 15. 0-0 Re8 16. e4 Nd6 17. Rfe1 Bg4 18. Ne5 Be6 19. a4 f6 20. Nd3 Bc4 21. Nc5 b6 22. e5 fxe5 23. dxe5 bxc5 24. exd6 Rxe1+ 25. Rxe1 Bf7 26. Qxc5 Rc8 27. Re7 Qf8 28. h4 h6 29. Kh2 a6 30. Bh3 Rb8 31. Qe5 Bd5 32. Be6+ Kh8 33. Rf7 Qg8 34. Bxd5 cxd5 35. Qxd5 Kh7 36. d7 Rd8 37. Qe4+ Kh8 38. Qe7 Rb8 39. Rxg7 Qxg7 40. d8Q+ Rxd8 41. Qxd8+ Kh7 42. Qd3+ Kh8 43. Qxa6 Qd4 44. Qxh6+ Kg8 45. Qg5+ Kh8 46. Qf4 1-0